El arte hispanomusulmán en su decoración floral /

محفوظ في:

المؤلف الرئيسي: Pavón Maldonado, Basilio (مؤلف)

التنسيق: كتاب

اللغة: Spanish

منشور في: Madrid : M.A.E., Agencia Española de Cooperación Internacional, Instituto de Cooperación en el Mundo Árabe : Ministerio de Cultura, Dirección General de Bellas Artes y Archivos, Instituto de Conservación y Restauración de Bienes Culturales, 1990.

الطبعة: 2. ed. aumentada.

الموضوعات:

الوسوم: إضافة وسم

لا توجد وسوم, كن أول من يضع وسما على هذه التسجيلة!

رقم الطلب: NK1462 .A1 P38 1990

LEADER 01111nam a22002657a 4500
003 OSt
005 20250901110224.0
008 250303s1990 sp af b 000 0 spa d
020 |a 8472325725 
040 |c ARCE Library 
043 |a e-sp--- 
050 4 |a NK1462 .A1   |b P38 1990 
100 1 |a Pavón Maldonado, Basilio,  |e author 
245 1 3 |a El arte hispanomusulmán en su decoración floral /   |c Basilio Pavón Maldonado. 
250 |a 2. ed. aumentada. 
264 1 |a Madrid :   |b M.A.E., Agencia Española de Cooperación Internacional, Instituto de Cooperación en el Mundo Árabe :   |b Ministerio de Cultura, Dirección General de Bellas Artes y Archivos, Instituto de Conservación y Restauración de Bienes Culturales,   |c 1990. 
300 |a 204 pages, 148 pages of plates :   |b illustrations ;   |c 29 cm. 
504 |a Includes bibliographical references (p. [191]-195). 
546 |a Spanish. 
650 0 |a Decoration and ornament  |x Plant forms  |z Spain. 
650 0 |a Decoration and ornament  |z Spain. 
650 0 |a Islamic decoration and ornament  |z Spain. 
901 |a reviewed 
942 |c BK  |2 lcc 
999 |c 23843  |d 23843